The Energy Balance and Hydrodynamics of the Solar Chromosphere and Corona (Record no. 5477)

MARC details
000 -LEADER
fixed length control field 00558nam a2200181Ia 4500
003 - CONTROL NUMBER IDENTIFIER
control field IN-BaIIA
008 - FIXED-LENGTH DATA ELEMENTS--GENERAL INFORMATION
fixed length control field 211028s9999 xx 000 0 eng d
040 ## - CATALOGING SOURCE
Transcribing agency IIA Library
080 ## - UNIVERSAL DECIMAL CLASSIFICATION NUMBER
Universal Decimal Classification number 082.2:52
Item number IAU-C36
245 #4 - TITLE STATEMENT
Title The Energy Balance and Hydrodynamics of the Solar Chromosphere and Corona
Statement of responsibility, etc. edited by R.M. Bonnet
260 ## - PUBLICATION, DISTRIBUTION, ETC.
Place of publication, distribution, etc. Clermont-Ferrand, G De Bussac
Date of publication, distribution, etc. 1976
300 ## - PHYSICAL DESCRIPTION
Extent 504p
650 ## - SUBJECT ADDED ENTRY--TOPICAL TERM
Topical term or geographic name entry element Astronomy and Astrophysics Thesaurus
650 ## - SUBJECT ADDED ENTRY--TOPICAL TERM
Topical term or geographic name entry element Solar Chromosphere
9 (RLIN) 3973
650 ## - SUBJECT ADDED ENTRY--TOPICAL TERM
Topical term or geographic name entry element Solar Corona
700 ## - ADDED ENTRY--PERSONAL NAME
Personal name Bonnet, R. M., ed.
9 (RLIN) 9513
942 ## - ADDED ENTRY ELEMENTS (KOHA)
Koha item type Books
Holdings
Withdrawn status Lost status Damaged status Not for loan Home library Current library Shelving location Date acquired Total Checkouts Full call number Barcode Date last seen Price effective from Koha item type
        IIA Library-Bangalore IIA Library-Bangalore General Stacks 10/05/1977   082.2:52/ IAU-C36 6124 05/11/2021 10/05/1977 Books

Powered by Koha